Disney's magic eye : (Record no. 292055)
[ view plain ]
| 000 -LEADER | |
|---|---|
| fixed length control field | 00595nam a2200229Ia 4500 |
| 008 - FIXED-LENGTH DATA ELEMENTS--GENERAL INFORMATION | |
| fixed length control field | 160319s9999 xx 000 0 und d |
| 020 ## - INTERNATIONAL STANDARD BOOK NUMBER | |
| International Standard Book Number | 0-836270207 |
| 050 ## - LIBRARY OF CONGRESS CALL NUMBER | |
| Classification number | Fic |
| 050 ## - LIBRARY OF CONGRESS CALL NUMBER | |
| Item number | .D612 1994 |
| 100 ## - MAIN ENTRY--PERSONAL NAME | |
| Personal name | N.E. Thing Enterprises |
| 245 ## - TITLE STATEMENT | |
| Title | Disney's magic eye : |
| 245 ## - TITLE STATEMENT | |
| Remainder of title | 3D illusions / |
| 245 ## - TITLE STATEMENT | |
| Statement of responsibility, etc | by N.E. Thing Enterprises, Walt Disney Company. |
| 260 ## - PUBLICATION, DISTRIBUTION, ETC. (IMPRINT) | |
| Place of publication, distribution, etc | New York : |
| 260 ## - PUBLICATION, DISTRIBUTION, ETC. (IMPRINT) | |
| Name of publisher, distributor, etc | Hyperion, |
| 260 ## - PUBLICATION, DISTRIBUTION, ETC. (IMPRINT) | |
| Date of publication, distribution, etc | 1994 |
| 300 ## - PHYSICAL DESCRIPTION | |
| Extent | 32 pages : |
| 300 ## - PHYSICAL DESCRIPTION | |
| Other physical details | chiefly col. ill. ; |
| 300 ## - PHYSICAL DESCRIPTION | |
| Dimensions | 23 x 29 cm. |
| 650 ## - SUBJECT ADDED ENTRY--TOPICAL TERM | |
| Topical term or geographic name as entry element | Optical illusions. |
| 650 ## - SUBJECT ADDED ENTRY--TOPICAL TERM | |
| Topical term or geographic name as entry element | Visual perception. |
| Withdrawn status | Lost status | Damaged status | Home library | Current library | Shelving location | Date acquired | Total Checkouts | Full call number | Barcode | Date last seen | Price effective from | Koha item type |
|---|---|---|---|---|---|---|---|---|---|---|---|---|
| Stonyhurst Southville International School (Batangas) | Stonyhurst Southville International School (Batangas) | Grade School Section | 03/19/2016 | Fic .D612 1994 | LS-1185 | 03/19/2016 | 03/19/2016 | Books |